000 00305pab a2200133 454500
008 180718b1985 xxu||||| |||| 00| 0 eng d
245 _aSpiralling raw jute prices
260 _c1985
300 _a1184-6
362 _a22 June
650 _aJute Industry and Trade
773 _aCommerce
909 _a11600
999 _c11600
_d11600